Normal view
MARC view
Entry Personal Name
001 - CONTROL NUMBER
- control field: 33110
003 - CONTROL NUMBER IDENTIFIER
- control field: ARRUPE
005 - DATE AND TIME OF LATEST TRANSACTION
- control field: 20170718091316.0
008 - FIXED-LENGTH DATA ELEMENTS
- fixed length control field: 170718|| aca||aabn | a|a d
040 ## - CATALOGING SOURCE
- Original cataloging agency: ARRUPE
- Transcribing agency: ARRUPE
100 ## - HEADING--PERSONAL NAME
- Personal name: Kraft, Julius ; Bernays, Paul eds.
670 ## - SOURCE DATA FOUND
- Source citation: Work cat.: (ARRUPE)3084: Progress and regress in philosophy from Hume and Kant to Hegel and Fries, 1970-71